Determination of (1) normal yield of commercially recoverable sugar per acre and (2) eligibility for payment with respect to abandonment and crop deficiency for farms in mainland cane sugar area (revised).

Bibliographic Details
Corporate Author: United States. Food Distribution Administration
Format: Government Document eBook
Language:English
Published: [Washington] : [s.n.], 1943.
Subjects:
Online Access:Electronic resource (PDF)

MARC

Tag First Indicator Second Indicator Subfields
LEADER 00000cam a22000001i 4500
001 in00003962607
006 m d f
007 cr bn mmmapmmp
008 431006s1943 dcu o f000 0 eng d
005 20250210232712.6
035 |a ebd1943006484 
040 |a UMI  |c UMI  |e rda  |d UtOrBLW 
086 0 |a A 80.117:92 
099 |a A80.117..92 
110 1 |a United States.  |b Food Distribution Administration.  |0 http://id.loc.gov/authorities/names/no2008141241 
245 1 0 |a Determination of (1) normal yield of commercially recoverable sugar per acre and (2) eligibility for payment with respect to abandonment and crop deficiency for farms in mainland cane sugar area (revised). 
264 1 |a [Washington] :  |b [s.n.],  |c 1943. 
300 |a 1 online resource (2 pages), digital, PDF file 
336 |a text  |b txt  |2 rdacontent 
337 |a computer  |b c  |2 rdamedia 
338 |a online resource  |b cr  |2 rdacarrier 
533 |a Electronic reproduction.  |b [Bethesda, Md.] :  |c ProQuest,  |d 2017  |e digital, PDF file.  |n ProQuest U.S. Executive Branch Documents  |n Mode of access: World Wide Web via ProQuest website. 
588 |a Record is based on online resource; title from PDF title page (ProQuest, last viewed Jan. 2017). Reuse except for individual research requires license from ProQuest, LLC. 
650 0 |a Sugar.  |0 http://id.loc.gov/authorities/names/nb2006015741 
650 0 |a Farms.  |0 http://id.loc.gov/authorities/subjects/sh85047299 
650 0 |a Agricultural productivity.  |0 http://id.loc.gov/authorities/subjects/sh85002401 
856 4 0 |u http://proxy.library.tamu.edu/login?url=http://congressional.proquest.com/congressional/docview/t66.d71.a80.117..92?  |y Electronic resource (PDF)  |t 0 
999 f f |s 8f6ba9e1-86eb-3f0b-9012-248e8d9ad1b3  |i d8504dce-2c34-3644-84af-2d634bb096e5  |t 0 
952 f f |a Texas A&M University  |b College Station  |c Electronic Resources  |d Available Online  |t 0  |h No information provided 
998 f f |t 0  |l Available Online